00338nam a2200109Ia 450000500170000000800410001705000260005810000280008424500670011226000350017930000140021420231102151656.0120626s9999 xx 000 0 und d aPQ8180 17A73 C75 1989 aGARCIA Marquez, Gabriel aCrónica de una muerte anunciada / Gabriel García Marquez aColombia: DIANA-LA OBEJA NEGRA a156 p.Ì